Gaussian processes, function theory, and the inverse spectral problem /
Guardado en:
| Autor Principal: | |
|---|---|
| Otros Autores: | |
| Formato: | Libro |
| Idioma: | English |
| Publicado: |
New York :
Academic Press,
1976.
|
| Series: | Probability and mathematical statistics ; v. 31
|
| Materias: | |
| Etiquetas: |
Agregar Etiqueta
Sin Etiquetas, Sea el primero en etiquetar este registro!
|
| LEADER | 00929cam a2200277 a 4500 | ||
|---|---|---|---|
| 001 | MAT.inmabb005872 | ||
| 008 | 750812s1976####nyu######b####001#0#eng## | ||
| 005 | 20160216165253.0 | ||
| 245 | 1 | 0 | |a Gaussian processes, function theory, and the inverse spectral problem / |c H. Dym, and H. P. McKean. |
| 260 | |a New York : |b Academic Press, |c 1976. | ||
| 300 | |a xi, 333 p. : |b graphs ; |c 24 cm. | ||
| 490 | 0 | |a Probability and mathematical statistics ; v. 31 | |
| 504 | |a Bibliography p. 323-328. | ||
| 500 | |a Incluye índice. | ||
| 510 | 4 | |a MR, |c 56 #6829 | |
| 020 | |a 0122264606 | ||
| 100 | 1 | |a Dym, H. |q (Harry), |d 1938- | |
| 700 | 1 | |a McKean, Henry P. | |
| 650 | 0 | |a Gaussian processes. | |
| 650 | 0 | |a Stationary processes. | |
| 650 | 0 | |a Spectral theory (Mathematics) | |
| 650 | 0 | |a Prediction theory. | |
| 084 | |a 60G25 (30D60 42A10) |2 msc2000 | ||
| 010 | |a 75003965 | ||
| 040 | |a DLC |c DLC |d DLC | ||
| 859 | |h 60 |i D9965 |p A-4470 |b BIB. MATEMATICA | ||
